Central Library OPAC University of Rajshahi

The body of God / (Record no. 17686)

MARC details
000 -LEADER
fixed length control field 00852cam a2200265 4500
001 - CONTROL NUMBER
control field 17686
003 - CONTROL NUMBER IDENTIFIER
rucl marc code BD-RjUL
005 - DATE AND TIME OF LATEST TRANSACTION
control field 20211209000158.0
008 - FIXED-LENGTH DATA ELEMENTS--GENERAL INFORMATION
fixed length control field 140217s1970 enka 000 0 eng
020 ## - INTERNATIONAL STANDARD BOOK NUMBER
International Standard Book Number 0950051012
035 ## - SYSTEM CONTROL NUMBER
System control number (BD-RjUL)17744
040 ## - CATALOGING SOURCE
Original cataloging agency DLC
Transcribing agency DLC
Modifying agency DLC
Language of cataloging eng
041 ## - LANGUAGE CODE
Language code of text/sound track or separate title eng
082 00 - DEWEY DECIMAL CLASSIFICATION NUMBER
Classification number 821.912
Author mark and year LAB
100 1# - MAIN ENTRY--PERSONAL NAME
Personal name Lawrence, D. H.
Fuller form of name (David Herbert),
Dates associated with a name 1885-1930.
9 (RLIN) 53780
245 14 - TITLE STATEMENT
Title The body of God /
Statement of responsibility, etc. D. H. Lawrence; a sequence of poems selected & arranged by Michael Adam, with woodcuts by Barbara Whitehead.
260 ## - PUBLICATION, DISTRIBUTION, ETC. (IMPRINT)
Place of publication, distribution, etc. Dulverton (Somerset) :
Name of publisher, distributor, etc. Ark Press,
Date of publication, distribution, etc. 1970.
300 ## - PHYSICAL DESCRIPTION
Pagination 49 p. :
Illustrations illus. ;
Size 24 cm.
350 ## - PRICE (NR) (BK AM CF MU VM SE) [OBSOLETE]
Price £2.10
700 1# - ADDED ENTRY--PERSONAL NAME
Personal name Adam, Michael,
Dates associated with a name 1919-
Relator term comp.
Personal name Whitehead, Barbara Mathews,
Relator term illus.
942 ## - ADDED ENTRY ELEMENTS (KOHA)
Source of classification or shelving scheme Dewey Decimal Classification
Koha item type Books
Holdings
Lost status Source of classification or shelving scheme Damaged status Not for loan Collection code Permanent Location Current Location Shelving location Date acquired Source of acquisition Cost, normal purchase price Total Checkouts Full call number Date last seen Copy number Koha item type
  Dewey Decimal Classification   Not For Loan Non-fiction Central Library, University of Rajshahi Central Library, University of Rajshahi Reading Room 21/04/1977 Heffers and sons 2.70   821.912 LAB 1970 17/02/2014 C-1 Books
  Dewey Decimal Classification     Non-fiction Central Library, University of Rajshahi Central Library, University of Rajshahi   21/04/1977 W. Heffer and sons. 2.70   821.912 LAB 1970 03/03/2014 C-2 Books